000 00865nam a2200265 a 4500
001 7916
003 BD-RjUL
005 20211208234509.0
008 140115s1965 ne a b 001 0 eng d
035 _a(BD-RjUL)7960
040 _aBD-RjUL
_beng
_cBD-RjUL
041 _aeng
082 _222
_a510.1
_bBEF 1965
100 1 _aBeth, Evert Willem.
_923321
245 1 4 _aThe foundations of mathematics :
_ba study in the philosophy of science /
_cEvert W. Beth
250 _a2nd rev. ed
260 _aAmsterdam :
_bNorth-Holland,
_c1965
300 _axxviii, 741 p. :
_bill. ;
_c22 cm
490 1 _aStudies in logic and the foundations of mathematics
500 _a1st ed.: 1959
504 _aBibliography: p. 682-713. and index.
650 0 _aMathematics
_xPhilosophy
_95282
830 0 _aStudies in logic and the foundations of mathematics
_924701
942 _2ddc
_cBK
999 _c7916
_d7916